Fantastické povídky /

Sbírka sedmi povídek z roku 1892 je první knihou méně známého autora, jednoho z nejstarších představitelů české fantastické prózy.

Uloženo v:
Hlavní autor: Švanda ze Semčic, Karel, 1867-1928 (Autor)
Médium: E-kniha
Jazyk:Czech
Témata:
Tagy:
Žádné tagy
LEADER 01044nam a2200193 4500
001 5248174
003 CZ-PrMKP
005 20230803144847.1
008 260602n----------------------------cze--
040 |a ABG001  |b cze 
072 7 |a 821.162.3-3  |x Česká próza  |2 Konspekt  |9 25 
100 1 |a Švanda ze Semčic, Karel,  |d 1867-1928  |7 jk01131828  |4 aut 
245 1 0 |a Fantastické povídky /  |c Karel Švanda ze Semčic 
520 2 |a Sbírka sedmi povídek z roku 1892 je první knihou méně známého autora, jednoho z nejstarších představitelů české fantastické prózy.  |b Povídky českého právníka, divadelníka, překladatele a prozaika nesou zřetelnou stopu inspirace dobovými klasiky fantastického žánru, především E.A.Poem a E.T.A.Hoffmannem. Ve dvou ze sedmera povídek tohoto souboru autor dokonce učinil Hoffmanna samého ústřední postavou. 
655 7 |a české povídky  |7 fd133971  |2 czenas 
655 7 |a fantasy povídky  |7 fd132238  |2 czenas 
655 9 |a Czech short stories  |2 eczenas 
655 9 |a fantasy short stories  |2 eczenas 
910 |a ABG001